|
|
|
|
| LEADER |
01141nam a2200277 a 4500 |
| 001 |
GR-Patra6947 |
| 008 |
991022s1991 gr 000 0 gre d |
| 040 |
|
|
|a GrPaTEI
|b gre
|c GR-PaULI
|
| 245 |
0 |
0 |
|a Ιατρική της άθλησης :
|b φυσική κατάσταση-εκπαίδευση-κακώσεις.
|
| 250 |
|
|
|a 3η εκδ.
|
| 260 |
|
|
|a Αθήνα :
|b Παρισιάνος,
|c 1991
|
| 300 |
|
|
|a 724σ.
|
| 500 |
|
|
|a Τίτλος πρωτοτύπου : sports madicine Περιέχει βιβλιογραφία
|
| 650 |
|
4 |
|a ΑΘΛΗΤΙΑΤΡΙΚΗ
|
| 650 |
|
4 |
|a ΑΘΛΗΤΙΑΤΡΙΚΗ
|
| 650 |
|
4 |
|a ΑΘΛΗΤΙΣΜΟΣ
|
| 650 |
|
4 |
|a ΕΚΠΑΙΔΕΥΣΗ
|
| 650 |
|
4 |
|a ΚΑΚΩΣΕΙΣ
|
| 650 |
|
4 |
|a ΦΥΣΙΚΗ ΚΑΤΑΣΤΑΣΗ
|
| 700 |
1 |
|
|a Appenzeller, Otto
|
| 700 |
1 |
|
|a Μπάκας, Ε. Η.
|
| 710 |
0 |
|
|a Παρισιάνος
|
| 942 |
|
|
|2 ddc
|
| 952 |
|
|
|0 0
|1 0
|2 ddc
|4 0
|6 617_102700000000000_ΙΑΤ
|7 0
|9 288277
|a LISK
|b LISK
|c BSC
|d 2021-01-17
|e 24
|f 0
|g 0.00
|l 0
|o 617.1027 ΙΑΤ
|p 92410010123
|r 2021-01-17 00:00:00
|t 1
|w 2021-01-17
|y BK15
|x 19991024 0 1
|x GrPaTEI
|
| 971 |
|
|
|a .b26544611
|b 16-04-20
|c 23-09-16
|
| 999 |
|
|
|c 168125
|d 168125
|